Management of technology : (Record no. 71647)

MARC details
000 -LEADER
fixed length control field 01018nam a22002777a 4500
005 - DATE AND TIME OF LATEST TRANSACTION
control field 2012112603123.0
008 - FIXED-LENGTH DATA ELEMENTS--GENERAL INFORMATION
fixed length control field 121126t xxu||||| |||| 00| 0 eng d
010 ## - LCCN (DPL NO)
LC control number ENG-106306
020 ## - INTERNATIONAL STANDARD BOOK NUMBER
International Standard Book Number 9781259001819
Terms of availability 599.00
020 ## - INTERNATIONAL STANDARD BOOK NUMBER
International Standard Book Number 1259001814
Terms of availability 599.00
035 ## - SYSTEM CONTROL NUMBER
System control number EN-89839
037 ## - SOURCE OF ACQUISITION
Source of stock number/acquisition DBAD/PUB
040 ## - CATALOGING SOURCE
Original cataloging agency DPL
Language of cataloging Eng
082 ## - DEWEY DECIMAL CLASSIFICATION NUMBER
Classification number 658.521
100 ## - MAIN ENTRY--PERSONAL NAME
Personal name Khalil, Tarek
9 (RLIN) 53826
245 ## - TITLE STATEMENT
Title Management of technology :
Statement of responsibility, etc by Tarek Khalil [and] Ravi Shankar
Remainder of title the key to competitiveness and wealth creation /
250 ## - EDITION STATEMENT
Edition statement 2nd ed
260 ## - PUBLICATION, DISTRIBUTION, ETC. (IMPRINT)
Place of publication, distribution, etc New Delhi
Name of publisher, distributor, etc Tata McGraw Hill
Date of publication, distribution, etc 2013
270 ## - ADDRESS
Address 7, West Patel Nagar
City New Delhi
Postal code 110008
300 ## - PHYSICAL DESCRIPTION
Extent xxvi, 536p. :
Dimensions 23cm(pbk)
Other physical details ill.
500 ## - GENERAL NOTE
General note Includes bibliographical references and index
650 ## - SUBJECT ADDED ENTRY--TOPICAL TERM
Topical term or geographic name as entry element Technology
General subdivision Management
9 (RLIN) 53827
700 ## - ADDED ENTRY--PERSONAL NAME
Personal name Ravi Shankar
9 (RLIN) 54074
942 ## - ADDED ENTRY ELEMENTS (KOHA)
Source of classification or shelving scheme Dewey Decimal Classification
Item type English Books
Call number suffix KHA
Classification part 658.521
Holdings
Withdrawn status Lost status Source of classification or shelving scheme Damaged status Not for loan Collection code Home library Current library Date acquired Cost, normal purchase price Total Checkouts Full call number Barcode Date last seen Cost, replacement price Koha item type
    Dewey Decimal Classification     Non-fiction D.B.Act.Division D.B.Act.Division 26/11/2012 599.00   658.521 KHA EN-89839 26/11/2012 599.00 English Books

© Delhi Public Library
Hit Counter
free hit counter